[Event "IECC Swiss email"]
[Site "IECC email"]
[Date "2002.08.11"]
[Round "?"]
[White "Callison, Stuart"]
[Black "Hassan, William"]
[Result "0-1"]
[WhiteElo "1855"]
[BlackElo "1910"]
[PlyCount "44"]
[EventDate "2002.??.??"]
[EventType "tourn (corr)"]
[EventRounds "6"]
[SourceTitle "Corr 2008"]
[Source "ChessBase"]
[SourceDate "2008.06.24"]
[SourceVersion "1"]
[SourceVersionDate "2008.06.24"]
[SourceQuality "1"]

1. e4 d6 2. d4 g6 3. Nc3 c6 4. Nf3 Bg7 5. Be3 Nd7 6. Qd2 b5 7. Bd3 Qc7 8. a4 b4 9. Ne2 Rb8 10. 0-0 Ngf6 11. Bh6 0-0 12. Ng3 Bxh6 13. Qxh6 c5 14. c3 e5 15. Bb5 bxc3 16. bxc3 a6 17. Bxd7 Bxd7 18. Qg5 Kg7 19. dxe5 dxe5 20. Nxe5 h6 21. Qf4 g5 22. Nf5+ Kh7 0-1

[Event "IECC KO email"]
[Site "IECC email"]
[Date "2002.02.15"]
[Round "?"]
[White "Callison, Stuart"]
[Black "Newman, Nelson"]
[Result "1/2-1/2"]
[WhiteElo "1845"]
[BlackElo "1931"]
[PlyCount "55"]
[EventDate "2002.??.??"]
[EventType "tourn (corr)"]
[EventRounds "6"]
[SourceTitle "Corr 2008"]
[Source "ChessBase"]
[SourceDate "2008.06.24"]
[SourceVersion "1"]
[SourceVersionDate "2008.06.24"]
[SourceQuality "1"]

1. f4 d5 2. Nf3 g6 3. e3 Bg7 4. c4 c6 5. Nc3 Nf6 6. Be2 0-0 7. 0-0 Nbd7 8. Ne5 dxc4 9. Bxc4 c5 10. Qb3 e6 11. Be2 Nd5 12. d4 cxd4 13. Nxd5 Nxe5 14. fxe5 d3 15. Bf3 exd5 16. Bxd5 Bf5 17. Bd2 Bxe5 18. Bb4 Bd6 19. Bxd6 Qxd6 20. e4 Bxe4 21. Bxf7+ Kg7 22. Qc3+ Kh6 23. Qd2+ g5 24. h4 Qd4+ 25. Kh1 Kg7 26. Qxg5+ Kh8 27. Rae1 Bxg2+ 28. Kxg2 1/2-1/2

[Event "IECC Swiss email"]
[Site "IECC email"]
[Date "2002.01.19"]
[Round "?"]
[White "Turko, Sergey Ivanovich"]
[Black "Callison, Stuart"]
[Result "1/2-1/2"]
[WhiteElo "1983"]
[BlackElo "1848"]
[PlyCount "74"]
[EventDate "2002.??.??"]
[EventType "tourn (corr)"]
[EventRounds "6"]
[SourceTitle "Corr 2008"]
[Source "ChessBase"]
[SourceDate "2008.06.24"]
[SourceVersion "1"]
[SourceVersionDate "2008.06.24"]
[SourceQuality "1"]

1. c4 e5 2. Nc3 Bb4 3. Nd5 Be7 4. d4 d6 5. e4 Nc6 6. Ne2 Nf6 7. Nxf6+ Bxf6 8. d5 Nb8 9. Ng3 Bg5 10. Be2 0-0 11. 0-0 Bxc1 12. Rxc1 Nd7 13. Bg4 Qg5 14. Rc3 Re8 15. Nh5 Nf6 16. Nxf6+ Qxf6 17. Bxc8 Rexc8 18. Qg4 c6 19. Rd1 Rd8 20. dxc6 bxc6 21. Rcd3 a5 22. R1d2 h6 23. Qd1 Qf4 24. f3 Rab8 25. b3 a4 26. bxa4 Rb4 27. g3 Qg5 28. Qc2 Ra8 29. Rxd6 Qe3+ 30. Kg2 Qc5 31. Rd8+ Rxd8 32. Rxd8+ Kh7 33. Rd7 f6 34. Kh3 Qxc4 35. Qxc4 Rxc4 36. Ra7 Rc2 37. g4 Rxa2 1/2-1/2

[Event "IECC KO email"]
[Site "IECC email"]
[Date "2001.10.06"]
[Round "?"]
[White "Callison, Stuart"]
[Black "Jensen, Jakob Kamp"]
[Result "1/2-1/2"]
[WhiteElo "1867"]
[BlackElo "1867"]
[PlyCount "73"]
[EventDate "2001.??.??"]
[EventType "tourn (corr)"]
[EventRounds "6"]
[SourceTitle "Corr 2008"]
[Source "ChessBase"]
[SourceDate "2008.06.24"]
[SourceVersion "1"]
[SourceVersionDate "2008.06.24"]
[SourceQuality "1"]

1. d4 Nf6 2. Bg5 c5 3. Bxf6 gxf6 4. d5 Qb6 5. Qc1 f5 6. e3 Bg7 7. c3 e6 8. Nh3 Qd6 9. Qd2 Na6 10. Na3 Qxd5 11. Qxd5 exd5 12. 0-0-0 Nc7 13. Nf4 d4 14. Nh5 Bh6 15. cxd4 cxd4 16. Rxd4 Ne6 17. Rd5 f4 18. Nc4 fxe3 19. fxe3 0-0 20. Kd2 Nc7 21. Nf6+ Kg7 22. Rd6 Bg5 23. Nh5+ Kg8 24. Bd3 b5 25. Ne5 Ne8 26. Rd5 d6 27. Nc6 f5 28. h4 Bf6 29. Nxf6+ Nxf6 30. Rxd6 Ne4+ 31. Bxe4 fxe4 32. Ke1 Bb7 33. Ne7+ Kh8 34. Rf1 Rxf1+ 35. Kxf1 a6 36. Rd7 Rf8+ 37. Kg1 1/2-1/2

[Event "IECC Swiss email"]
[Site "IECC email"]
[Date "2001.04.22"]
[Round "?"]
[White "Carpenter, Dale"]
[Black "Callison, Stuart"]
[Result "0-1"]
[WhiteElo "1000"]
[BlackElo "1836"]
[PlyCount "48"]
[EventDate "2001.??.??"]
[EventType "tourn (corr)"]
[EventRounds "6"]
[SourceTitle "Corr 2008"]
[Source "ChessBase"]
[SourceDate "2008.06.24"]
[SourceVersion "1"]
[SourceVersionDate "2008.06.24"]
[SourceQuality "1"]

1. d4 Nf6 2. c4 c5 3. Nc3 cxd4 4. Qxd4 Nc6 5. Qd1 g6 6. Nf3 Bg7 7. e3 d6 8. Bd3 0-0 9. h3 Nd7 10. Bd2 Nde5 11. Nxe5 Nxe5 12. Qc2 Nxd3+ 13. Qxd3 b6 14. h4 Bb7 15. Rh2 Rc8 16. h5 Qd7 17. hxg6 fxg6 18. f3 Ba6 19. b3 b5 20. cxb5 Rxc3 21. Bxc3 Qxb5 22. 0-0-0 Qxd3 23. Rxd3 Bxd3 24. Rh4 Rc8 0-1

[Event "IECC KO email"]
[Site "IECC email"]
[Date "2000.12.30"]
[Round "?"]
[White "Barr, Epstein"]
[Black "Callison, Stuart"]
[Result "1/2-1/2"]
[WhiteElo "2050"]
[BlackElo "1784"]
[PlyCount "64"]
[EventDate "2000.??.??"]
[EventType "tourn (corr)"]
[EventRounds "6"]
[SourceTitle "Corr 2008"]
[Source "ChessBase"]
[SourceDate "2008.06.24"]
[SourceVersion "1"]
[SourceVersionDate "2008.06.24"]
[SourceQuality "1"]

1. c4 Nf6 2. d4 g6 3. g3 Bg7 4. Bg2 d5 5. cxd5 Nxd5 6. Nf3 Nb6 7. 0-0 Nc6 8. e3 0-0 9. Nc3 Re8 10. d5 Na5 11. Nd4 Bd7 12. Qc2 Qc8 13. Rd1 c5 14. Nde2 Nac4 15. b3 Nd6 16. Bb2 Bh3 17. Bh1 c4 18. Rac1 Qf5 19. e4 Qg5 20. b4 Bg4 21. Re1 Red8 22. Nf4 Be5 23. Nce2 Bxb2 24. Qxb2 Rac8 25. h4 Qh6 26. Qa3 Bxe2 27. Qxa7 Nd7 28. Rxe2 Ne5 29. Qd4 Qg7 30. Qd2 b5 31. Rc3 Ra8 32. a3 Ra4 1/2-1/2

[Event "IECC KO email"]
[Site "IECC email"]
[Date "2000.10.12"]
[Round "?"]
[White "Hakuc, Waclaw"]
[Black "Callison, Stuart"]
[Result "1/2-1/2"]
[WhiteElo "1608"]
[BlackElo "1782"]
[PlyCount "87"]
[EventDate "2000.??.??"]
[EventType "tourn (corr)"]
[EventRounds "6"]
[SourceTitle "Corr 2008"]
[Source "ChessBase"]
[SourceDate "2008.06.24"]
[SourceVersion "1"]
[SourceVersionDate "2008.06.24"]
[SourceQuality "1"]

1. e4 c5 2. Nf3 Nc6 3. Nc3 d6 4. d4 cxd4 5. Nxd4 e5 6. Nf3 Be7 7. Bc4 Nf6 8. 0-0 h6 9. Re1 0-0 10. Nd5 Nxd5 11. Bxd5 Qc7 12. Be3 Bg4 13. h3 Bh5 14. Bd2 Bf6 15. Bc3 Ne7 16. Bb3 a5 17. a3 a4 18. Ba2 Rfc8 19. Re3 Nc6 20. Bd5 Ne7 21. Rd3 Nxd5 22. Rxd5 Be7 23. Qe2 Ra6 24. Rad1 Qc4 25. Qe3 Raa8 26. R1d3 Bg6 27. Nd2 Qc6 28. Qg3 Kh7 29. Qg4 Rf8 30. Rg3 h5 31. Qd1 Rac8 32. Nf1 Qc4 33. Re3 Bxe4 34. Qxh5+ Kg8 35. Rxd6 Bxd6 36. Nd2 Qe6 37. Rxe4 f6 38. Rxa4 Qf7 39. Qf5 Rfd8 40. Rh4 g6 41. Rg4 Kh7 42. Qf3 f5 43. Rh4+ Kg8 44. Qg3 1/2-1/2

[Event "IECC KO email"]
[Site "IECC email"]
[Date "2000.03.22"]
[Round "?"]
[White "Callison, Stuart"]
[Black "Fyhn, Karsten"]
[Result "1-0"]
[WhiteElo "1785"]
[BlackElo "1863"]
[PlyCount "73"]
[EventDate "2000.??.??"]
[EventType "tourn (corr)"]
[EventRounds "6"]
[SourceTitle "Corr 2008"]
[Source "ChessBase"]
[SourceDate "2008.06.24"]
[SourceVersion "1"]
[SourceVersionDate "2008.06.24"]
[SourceQuality "1"]

1. d4 Nf6 2. Nf3 e6 3. e3 c5 4. Bd3 d5 5. b3 Nc6 6. 0-0 Bd6 7. Bb2 0-0 8. Nbd2 b6 9. a3 Bb7 10. Ne5 Qc7 11. f4 Rfd8 12. Qe2 Rac8 13. Rf3 Ne7 14. Rh3 h6 15. c4 Ne4 16. Rf1 cxd4 17. exd4 f5 18. Ndf3 Rf8 19. Rc1 Qd8 20. Re1 Qe8 21. g3 Nc6 22. b4 Nxe5 23. dxe5 Be7 24. Nd4 Qd7 25. g4 dxc4 26. Bxc4 Bd5 27. Bxd5 Qxd5 28. Rd3 Rcd8 29. Red1 fxg4 30. Qxg4 Rf7 31. Qg6 Qa2 32. Qxe4 Qxb2 33. Nxe6 Rxd3 34. Qxd3 a5 35. bxa5 bxa5 36. Rb1 Qa2 37. Rb8+ 1-0

[Event "IECC KO email"]
[Site "IECC email"]
[Date "1999.12.24"]
[Round "?"]
[White "Makarczuk, Jacek"]
[Black "Callison, Stuart"]
[Result "1-0"]
[WhiteElo "1922"]
[BlackElo "1765"]
[PlyCount "85"]
[EventDate "1999.??.??"]
[EventType "tourn (corr)"]
[EventRounds "6"]
[SourceTitle "Corr 2008"]
[Source "ChessBase"]
[SourceDate "2008.06.24"]
[SourceVersion "1"]
[SourceVersionDate "2008.06.24"]
[SourceQuality "1"]

1. e4 c5 2. Nf3 Nc6 3. Nc3 d6 4. d4 cxd4 5. Nxd4 Nf6 6. Bg5 e6 7. Qd2 a6 8. 0-0-0 h6 9. Be3 Be7 10. f3 Nxd4 11. Bxd4 b5 12. Kb1 Rb8 13. h4 b4 14. Ne2 e5 15. Ba7 Rb7 16. Be3 Be6 17. Nc1 a5 18. Ba6 Rb8 19. Ba7 Ra8 20. Bb5+ Nd7 21. Be3 Qc7 22. g4 0-0 23. Bg5 f6 24. Be3 Rfb8 25. Bxd7 Qxd7 26. g5 hxg5 27. hxg5 fxg5 28. Bxg5 Rd8 29. Rdg1 Kf7 30. f4 Bxg5 31. Rxg5 Rg8 32. fxe5 dxe5 33. Nd3 Ke8 34. Rxe5 Ra6 35. Qe2 Qc7 36. Nc5 Qxe5 37. Qxa6 Ke7 38. Qa7+ Kf6 39. Nd7+ Bxd7 40. Qxd7 Qxe4 41. Rf1+ Kg5 42. Rg1+ Kf6 43. Qd6+ 1-0